[Event "BIH-chT 5th"]
[Site "Banja Vrucica"]
[Date "2006.06.24"]
[Round "7"]
[White "Atalik, Suat"]
[Black "Sibarevic, Milenko"]
[Result "1-0"]
[WhiteElo "2632"]
[BlackElo "2342"]
[Annotator "Atalik,S"]
[PlyCount "53"]
[EventDate "2006.06.18"]
[EventType "team-tourn"]
[EventRounds "9"]
[EventCountry "BIH"]
[SourceTitle "EXT 2008"]
[Source "ChessBase"]
[SourceDate "2007.11.25"]
[SourceVersion "1"]
[SourceVersionDate "2007.11.25"]
[SourceQuality "1"]
[WhiteTeam "Sarajevo Bosna"]
[BlackTeam "Banja Luka"]
[WhiteTeamCountry "BIH"]
[BlackTeamCountry "BIH"]

1. d4 Nf6 2. c4 e6 3. Nf3 b6 4. g3 Ba6 5. b3 Bb4+ 6. Bd2 Be7 7. Nc3 Bb7 8. Bg2
d5 9. cxd5 exd5 10. O-O O-O 11. Qc2 $5 {There are many possibilities in this
particular position.} Nbd7 12. Rad1 Bd6 13. Bf4 $1 Re8 $5 (13... Bxf4 14. gxf4
$14) 14. Bxd6 (14. Nb5 $2 Ba6 15. a4 Bxf4 16. gxf4 c6 $1 17. Nc3 (17. Qxc6 $2
Rc8 18. Qd6 Bxb5 19. axb5 Ne4 20. Qxd5 Nc3 21. Qf5 Nxd1 22. Rxd1 Rxe2 $17)
17... Nh5 $19) 14... cxd6 15. e3 $14 {I know only one important game that
white has won in this structure:Miles-Jussupow,Vrbas 1980.} Ne4 {Draw offer.
And I am sick of it.What is wrong with these people?Why are they so
peaceful?What do they want?You play someone who is 300 rating points more than
you have ,you are much behing in the clock department,you take a
cardiovascular pill during the game and you offer a draw.Yeah what
for?Probably to make me happy.} 16. Rc1 Ndf6 17. Qb2 (17. Qd3 Rc8) 17... Qd7
18. Nd2 Rac8 19. Ndb1 $1 h5 20. f3 Ng5 (20... Nxc3 21. Rxc3 Rxc3 22. Qxc3 Rc8
23. Qd2 Qc7 24. Bh3 $16) 21. h4 Ne6 22. Bh3 $16 {White increases his advantage.
} Rc7 23. Qd2 Rec8 24. a4 $1 (24. e4 $2 dxe4 25. d5 Nxd5 $19) 24... a6 25. Kf2
b5 26. axb5 axb5 27. Na2 $1 $16 {Black lost on time.} 1-0

[Event "GRE-chT 36th"]
[Site "Kallithea"]
[Date "2008.07.09"]
[Round "6.3"]
[White "Atalik, Suat"]
[Black "Papadopoulos, Ioannis K"]
[Result "1-0"]
[WhiteElo "2585"]
[BlackElo "2490"]
[Annotator "Atalik,S"]
[PlyCount "77"]
[EventDate "2008.07.06"]
[EventType "team-tourn"]
[EventRounds "7"]
[EventCountry "GRE"]
[SourceTitle "CBM 125"]
[Source "ChessBase"]
[SourceDate "2008.07.30"]
[SourceVersion "1"]
[SourceVersionDate "2008.07.30"]
[SourceQuality "1"]

1. d4 Nf6 2. c4 e6 3. Nf3 b6 4. g3 Ba6 5. b3 b5 $5 {This is a sideline which
is a little bit underestimated by theory.} 6. cxb5 Bxb5 7. Bg2 Bb4+ 8. Bd2 a5
$5 9. O-O O-O 10. Ne5 $5 {There are always some ways of squeezing some
advantage for White in this opening due to Black's artificial pawn structure.}
(10. a3 Bxd2 11. Nfxd2 Bc6 12. e4 d5 13. e5 Nfd7 $14) 10... d5 (10... Ra7 11.
Be3) 11. Nc3 Ba6 12. Na4 Nfd7 ({I was expecting} 12... Bb5 $142 13. Nb2 Ne4 14.
Be3 $13) 13. Nxd7 $5 (13. Bxb4 axb4 14. Nd3 Bxd3 15. Qxd3 Na6 16. Rac1 $16)
13... Nxd7 14. Re1 $5 (14. Rc1 {looks more normal, doesn't it?}) 14... Bb5 15.
Nc3 Bc6 $6 {A strange plan designed to prevent e4.} (15... Bxc3 16. Bxc3 a4 17.
e4 c6 18. Bb4 Re8 19. bxa4 Bxa4 $11) 16. Rc1 Ra6 $2 {The final mistake in this
sequence of moves.} (16... Nf6 17. Rc2 $5 $14) 17. e4 $1 {Before coming up
with this one I had foreseen the game scenario.} Bxc3 (17... dxe4 18. Nxe4 Bxe4
19. Rxe4 Bxd2 20. Qxd2 Nf6 21. Re5 $16) 18. Rxc3 dxe4 19. Qc2 Qa8 20. Bxe4 ({
The exchange sac was also in contention:} 20. Rxe4 $5 Bxe4 (20... Nf6 21. Rxe6
fxe6 22. Bxc6 Qd8 23. Qd3 Rb6 24. Rc4 $44) 21. Bxe4 Qd8 22. Bxh7+ Kh8 23. Bd3
Rd6 24. Rxc7 Ne5 25. Be2 Rxd4 26. Bxa5 Qd6 27. a4 $44) 20... Bxe4 21. Rxe4 a4 (
21... Nf6 22. Rh4 $1 h6 23. Bxh6 gxh6 24. Qc1 $18) 22. b4 Rc8 23. Rh4 Nf8 24.
Rc5 $1 (24. Rh5 f5) 24... Qb7 (24... Ng6 25. Rhh5 Qf3 26. Be3 $16) 25. a3 Qf3
$2 (25... Ng6 26. Rhh5 Qf3 27. Be3 $16) 26. b5 $1 Rb6 (26... Rd6 27. Bb4 $18)
27. Ba5 $1 Rb7 28. d5 $1 Rd8 (28... exd5 29. b6 $18) 29. Rf4 $1 (29. Bxc7 $4
Rxc7 30. Rxc7 Rxd5 31. b6 Rd1+ 32. Qxd1 Qxd1+ 33. Kg2 Qd5+ 34. Kg1 Qd1+ $11 {
would be another flash of stupidity.}) 29... Qb3 30. Bxc7 Qxc2 (30... Rxd5 31.
b6 (31. Qxb3 axb3 32. Rxd5 exd5 33. b6 Ne6 34. Rb4 Kf8 35. Bf4 Nxf4 36. gxf4
Ke7 37. a4 Kd6 38. a5 Kc6 39. Rxb3 Rb8 40. Kf1 $18 {should also win.}) 31...
Qxc2 (31... Rxc5 32. Qxc5 Nd7 33. Rd4 $18) 32. Rxc2 Ra5 33. Rfc4 $18) 31. Rxc2
Rc8 32. d6 Rxb5 33. Rxa4 Nd7 34. Rb4 $18 {This had the looks of being simplest
among alternatives.} (34. Ra7 Kf8 (34... f6 35. a4 Rd5 36. a5 Rd3 37. a6 Ra3
38. Rb2 $18) 35. Bb6 $1 $18) (34. Rac4 $18) 34... Rd5 35. a4 g5 (35... Rxd6 36.
Bxd6 Rxc2 37. Rb7 $18) (35... f6 36. Ra2 $18) 36. Ra2 $1 $18 f5 37. a5 Rd1+ 38.
Kg2 g4 39. Rb5 $1 {So he resigns.} 1-0

[Event "GRE-chT 30th"]
[Site "Athens"]
[Date "2001.07.11"]
[Round "5"]
[White "Atalik, Suat"]
[Black "Genov, Petar"]
[Result "1-0"]
[WhiteElo "2532"]
[BlackElo "2473"]
[Annotator "Atalik,S"]
[PlyCount "95"]
[EventDate "2001.07.07"]
[EventType "team"]
[EventRounds "9"]
[EventCountry "GRE"]
[SourceTitle "EXT 2003"]
[Source "ChessBase"]
[SourceDate "2002.11.25"]
[SourceVersion "1"]
[SourceVersionDate "2002.11.25"]
[SourceQuality "1"]

1. d4 Nf6 2. c4 e6 3. Nf3 b6 4. g3 Ba6 5. Nbd2 {Not the most popular line.} Bb7
6. Bg2 c5 7. e4 cxd4 8. O-O d6 9. Nxd4 Qd7 10. a4 Be7 (10... Nc6 11. Nxc6 Bxc6
12. b4 $14) 11. a5 Bd8 $2 $146 {An unfortunate novelty.} 12. Nb5 $1 (12. a6 $6
Nxa6 13. Rxa6 Bxa6 14. e5 d5 15. exf6 Bxf6 {And black is no worse.}) 12... a6
$2 (12... O-O 13. a6 $1 (13. axb6 axb6 (13... Bxb6 $2 14. Nxd6 Qxd6 15. e5 Qc7
16. exf6 gxf6 17. Ne4) 14. Rxa8 Bxa8 15. b3 $14) (13. Nxd6 Qxd6 14. e5 Qc7 15.
exf6 Bxf6 16. Ne4 Be5 $14) 13... Bc6 (13... Bxa6 $2 14. e5) 14. Nd4 $16) 13.
Nxd6+ $1 {The position requires brutal measures.} Qxd6 14. e5 Qxe5 (14... Qc7
15. exf6 Bxf6 16. Ne4 $16) 15. Bxb7 {This was one of the points I was in
between two seemingly promising lines.} Ra7 16. Bg2 $1 {Simple chess.} (16. Ne4
$6 Nxe4 17. Bf4 Qxf4 $1 18. gxf4 Rxb7) 16... Rd7 $6 (16... bxa5 17. Qa4+ Nbd7
18. Nb3 O-O 19. Nxa5 $16) 17. Qb3 O-O (17... bxa5 18. Nf3 Qc7 19. Bf4 Qb7 20.
Qa4 $18) 18. Nf3 $5 {White goes for more.} (18. axb6 Qc5 19. b7 $18) 18... Qe2
(18... Qf5 19. Bf4) 19. Re1 Qd3 20. Ra3 $1 {Every piece into the game.White
throws even the garbage bin in the attack.} (20. Qxd3 Rxd3 21. Ne5 Rb3 $132)
20... Qxb3 21. Rxb3 b5 (21... Nc6 22. axb6 Na5 23. Rb4 Nc6 24. Ra4 $18) 22. Bd2
Nc6 $2 {Black does not create difficulties.} (22... Rxd2 23. Nxd2 Bxa5 24. Rd1
Rd8 25. cxb5 Bxd2 26. Rc3 $3 $18 {was my idea.}) 23. cxb5 Nxa5 24. Bxa5 Bxa5
25. Ra1 $18 Bb6 26. bxa6 Ba7 27. Rb7 {Anything goes!} (27. Ne5 Rd2 28. Rf1 $18)
27... Rxb7 28. axb7 Bb8 29. Nd4 g5 30. Rc1 Nd7 (30... Kg7 31. Rc8 Nd7 32. Bc6
Nf6 (32... Ne5 33. Be8) 33. Bb5 $18) 31. Nc6 Kg7 32. Nxb8 Nxb8 33. Rc8 {
Black is all tied up.} f6 34. Bf1 Kf7 35. Bc4 Ke7 36. Bxe6 Rd8 37. Rxb8 $5 {
Telling the trth I was annoyed by the fact that black did not resign so I went
for this line.} (37. Kg2) 37... Rxb8 38. Bc8 Kd6 39. Kg2 Ke5 40. Kf3 f5 41. Ke3
h6 42. h3 Kd5 43. Kd3 (43. Bxf5 Re8+ 44. Kd3 Kd6 45. f4 gxf4 46. gxf4 Kc7 47.
Bc8 $18) 43... Kc5 44. f3 Kd5 45. b4 (45. Bxf5 Rd8) 45... h5 46. b5 Ke5 (46...
Kc5 47. b6 Kd5 48. Bxf5 Rd8 49. Bc8 $18) 47. Kc4 h4 48. gxh4 (48. gxh4 gxh4 49.
Kc5 Kf4 50. Kb6 Kxf3 51. Bxf5 $18) 1-0

[Event "Sigeman & Co 14th"]
[Site "Malmo"]
[Date "2006.05.04"]
[Round "7"]
[White "Atalik, Suat"]
[Black "Berg, Emanuel"]
[Result "0-1"]
[WhiteElo "2632"]
[BlackElo "2539"]
[Annotator "Atalik,S"]
[PlyCount "110"]
[EventDate "2006.04.28"]
[EventType "tourn"]
[EventRounds "9"]
[EventCountry "SWE"]
[EventCategory "13"]
[SourceTitle "CBM 113"]
[Source "ChessBase"]
[SourceDate "2006.07.31"]
[SourceVersion "1"]
[SourceVersionDate "2006.07.31"]
[SourceQuality "1"]

1. d4 Nf6 2. c4 e6 3. Nf3 b6 4. g3 Ba6 5. b3 Bb4+ 6. Bd2 Be7 7. Bg2 $5 {
I always believe that black can always come close but never really achieves a
full equality in this long theoretical line.} c6 8. Bc3 d5 9. Ne5 Nfd7 10. Nxd7
Nxd7 11. Nd2 f5 $5 {To play it in the spirit of Stonewall is a little bit
neglected these days albeit nothing is wrong about it.} 12. Rc1 {Difficult to
find a real plan for white.} (12. O-O O-O) 12... Rc8 13. Rc2 (13. O-O O-O 14.
Bb2 Bd6 {results in the same type of positions like in the game.}) 13... O-O
14. O-O Nf6 15. Bb2 Bd6 16. Qc1 Qe7 17. e3 $6 (17. a3 $142 $13 {might have
been better.}) 17... g5 $1 {Once white plays e3 black can go for this.} 18. f4
$5 (18. Nf3 g4 19. Ne5 Ne4 (19... c5 20. Rd1) 20. Rd1 $13 (20. Bxe4 fxe4 21.
Nxg4 Qg7 $44)) 18... g4 19. Rf2 h5 20. a3 (20. c5 bxc5 21. dxc5 Bc7) 20... h4
21. gxh4 $1 {Now we have got a game proceeding in both wings.} Nh5 22. b4 Bb7 (
22... Qxh4 23. c5) 23. c5 (23. b5 $6 cxb5 24. cxb5 (24. cxd5 Rxc2 25. Qxc2 exd5
) 24... Kh7 $1 $40) 23... Bc7 24. cxb6 axb6 25. Nf1 $2 (25. a4 Qxh4 26. b5 Nf6
$1 27. bxc6 Ba6 28. Bf1 Bxf1 29. Qxf1 Ra8 30. Ba3 Rf7 $44) 25... Bd6 26. Ng3
Qxh4 27. Nxh5 Qxh5 28. Bf1 Kf7 29. b5 cxb5 30. Bxb5 Rh8 31. Rxc8 Rxc8 32. Rc2
Rxc2 33. Qxc2 Qh4 34. Qf2 {I have failled to understand the danger in this
position.} Qe7 $1 35. a4 $2 {I was trying something wrong here.} (35. h3 Bxa3
36. hxg4 fxg4 37. Qh2 Kg7 38. Bxa3 Qxa3 39. Qe2 Kf6 40. Kg2 $11 {and white
stays with the right bishop and keeps the equality.}) 35... Bc8 36. h3 Bd7 $1
$17 {Black has found time to exchange his bad bishop.} 37. hxg4 Bxb5 38. axb5
fxg4 39. Kg2 Qf6 40. Kg3 Qh6 $3 $17 {It is amazing that white may be lost
because of bad bishop and bad pawn structure despite of extra pawn.} 41. Kxg4
Qg6+ 42. Kh3 (42. Kf3 Qe4+ 43. Ke2 Bb4 44. Kf1 Qb1+ 45. Kg2 Qd3 (45... Qd1 $2
46. f5 (46. Kh2 $2 Be1 47. Qg2 Bd2 $17) 46... Qg4+ 47. Qg3 Qe4+ 48. Qf3 Qc2+
49. Qf2 Qxf2+ 50. Kxf2 exf5 51. Kg3 Kg6 52. Bc1 Bd6+ 53. Kf3 Kh5 54. Bd2 Kh4
55. Bc3 $11) 46. Kf3 Qxb5 47. Qe2 Qxe2+ 48. Kxe2 Kf6 49. Kd3 Kf5 50. Bc1 b5 51.
Bb2 Be1 52. Ke2 Ba5 53. Kd3 Kg4 54. Ke2 b4 55. Kf2 Kf5 56. Kf3 b3 57. Ba1 Bd2
58. Bb2 Bb4 59. Kf2 Ke4 60. Ke2 Be7 61. Kd2 Kf3 62. Kd3 Bh4 63. Bc1 Bf2 $19)
42... Qd3 43. Kg4 Kg6 44. Qg3 (44. Kf3 Qxb5 45. Qc2+ Kf6 46. Kf2 Qe8 47. Qh7
Qg6 48. Qd7 Qc2+ 49. Kf3 Qd1+ 50. Kf2 Be7 51. Qb5 Kf5 $19) 44... Qxb5 45. Kf3+
Kf7 46. Qh2 (46. Qg2 Qd3) 46... Qf1+ 47. Kg3 Qd3 48. Bc1 b5 (48... Bb4 $19 {
was even better.}) 49. Qb2 b4 50. Kf2 b3 $19 51. Qe2 Qh7 52. Qb2 Qh2+ 53. Kf3
Qh1+ 54. Ke2 Qg2+ 55. Kd3 Qf1+ {A fantastic ending by young Swedish GM Berg!}
0-1

[Event "CRO Cup"]
[Site "Sibenik"]
[Date "2006.05.14"]
[Round "5"]
[White "Atalik, Suat"]
[Black "Markus, Robert"]
[Result "1/2-1/2"]
[WhiteElo "2632"]
[BlackElo "2585"]
[Annotator "Atalik,S"]
[PlyCount "45"]
[EventDate "2006.05.10"]
[EventType "team"]
[EventRounds "5"]
[EventCountry "CRO"]
[SourceTitle "CBM 112 Extra"]
[Source "ChessBase"]
[SourceDate "2006.07.14"]
[SourceVersion "1"]
[SourceVersionDate "2006.07.14"]
[SourceQuality "1"]

1. d4 Nf6 2. c4 e6 3. Nf3 b6 4. g3 Ba6 5. b3 b5 $5 {Markus came up with a
system which is not really fully discovered.} 6. cxb5 Bxb5 7. Bg2 c5 8. O-O (8.
Ne5 $142 d5 9. Nc3 Ba6 10. O-O Nbd7 11. Nxd7 $14 {might have been a better
option.}) 8... Bc6 9. Na3 $5 $146 {An over the board early morning inspiration.
} cxd4 10. Qxd4 $1 (10. Nc4 Bxf3 11. Bxf3 (11. exf3 $6 Nc6 12. f4 d5 13. Ne5
Nxe5 14. fxe5 Nd7 15. Qxd4 Bc5 16. Qg4 g6 $15) 11... Nc6 12. Bf4 d5 13. Ne5
Nxe5 14. Bxe5 Bc5 $11) 10... Be7 11. Nc4 O-O 12. Bd2 $1 Bd5 (12... a5 13. Rac1)
13. Ne3 Be4 (13... Nc6 14. Qa4 Be4 15. Bc3 $14) 14. Bc3 Qb6 15. Ng4 $1 {
I have to start liquidating pieces to claim advantage.} Qxd4 16. Nxd4 Bxg2 17.
Nxf6+ Bxf6 18. Kxg2 Nc6 19. Rad1 $5 {I have calculated a long line.It was
worth of a try.} (19. Nxc6 Bxc3 20. Rac1 Bf6 21. Na5 Rfb8 (21... Rfc8 22. e4
$14) 22. e4 Rb5 23. Nc4 d5 24. exd5 Rxd5 25. Rfd1 Rad8 (25... Rc8 26. Ne3 Rdc5
27. Rxc5 Rxc5 28. Rd7 a5 29. Ra7 $16) 26. Rxd5 Rxd5 27. Ne3 Rd8 $14) 19... Bxd4
20. Bxd4 Rfb8 (20... d5 21. Bc5 $14 (21. Rd2)) 21. e4 a5 {Draw offer} 22. Be3 (
22. Bc5 Rb5 23. Bd6 f6 24. f4 Kf7 $11) 22... Rb7 23. Rd2 $14 {I have decided
to offer a draw with 3rd and 4th board already having drawn and second board
being better against Dusko on the second.Anyway after that one also drew and
we got the first place in Croatian Cup.} (23. Rd2 Kf8 24. Rfd1 (24. Rc1 a4 25.
bxa4 Rxa4 26. f3 Ke8 $11) 24... Ke8 25. Bc5 $1 (25. a4 Rc8) (25. f3 a4 26. bxa4
Rxa4 $11) 25... Rb5 (25... a4 26. b4) 26. Bd6 f6 $14) 1/2-1/2

[Event "Belgrade Trophy 28th"]
[Site "Belgrade"]
[Date "2014.11.30"]
[Round "7"]
[White "Atalik, Suat"]
[Black "Zajic, Milan"]
[Result "1/2-1/2"]
[WhiteElo "2551"]
[BlackElo "2454"]
[Annotator "Atalik,S"]
[PlyCount "114"]
[EventDate "2014.11.24"]
[EventType "swiss"]
[EventRounds "9"]
[EventCountry "SRB"]
[SourceTitle "CBM 164"]
[Source "ChessBase"]
[SourceDate "2015.01.15"]
[SourceVersion "1"]
[SourceVersionDate "2015.01.15"]
[SourceQuality "1"]

1. d4 e6 2. c4 Nf6 3. Nf3 {Back to Nf3.} b6 4. g3 Bb4+ {Milan comes up with a
mixture of QID and Bogo. I myself tried this against GM Csaba Horvath on the
Island of Sicily.} 5. Bd2 Bxd2+ 6. Qxd2 Ba6 7. Na3 $5 {An over the board
decision but the more I look at it the more I like it.} (7. b3 d5 ({or} 7... c6
{lead to more explored positions.})) 7... O-O (7... c5 8. Bg2 Nc6 9. O-O O-O
10. Rfd1 Rc8 11. Ne5 $1 cxd4 12. Nxc6 dxc6 13. Qxd4 Qxd4 14. Rxd4 c5 15. Rd2
Rfd8 16. Rad1 Rxd2 17. Rxd2 Kf8 $14 {is known and it seems to be possible to
improve on it.}) (7... c6 8. Bg2 d5 9. O-O O-O 10. Rac1 (10. Rfc1 Nbd7 11. Ne5)
10... Nbd7 11. Ne5 $14 {The same is valid for these positions.}) 8. Bg2 Bb7 9.
O-O d6 10. Nh4 $1 (10. Nb5 Nbd7) 10... Bxg2 11. Nxg2 c6 {This seems logical
since it prepares d5, a6 and then b5 and e5.} (11... c5 $5 12. d5 exd5 13. cxd5
a6 14. f3 b5 15. e4 Nbd7 16. Nc2 Ne5 17. Nge3 $13) 12. Qd3 Nbd7 (12... d5 13.
cxd5 cxd5 14. Rfc1 $14) 13. e4 Re8 (13... a6 14. f3) 14. f3 a6 15. Qe2 (15. Qe3
c5 $1) 15... Qc7 16. Rfe1 $1 {White is trying to force e5 by menacing Nf6.} e5
17. d5 cxd5 (17... c5 18. Ne3 $16) 18. cxd5 Rec8 19. Qe3 $5 (19. Ne3 b5 20. Kg2
Nc5 21. Nac2 {is another way to handle the position.}) 19... b5 (19... Qc5 20.
Qxc5 Rxc5 21. Ne3 g6 22. Nac2 $14) 20. Rec1 Qb6 {I was happy to exchange
queens.} (20... Qa5 $5 {bothered me the most.} 21. Nc2 Rc7 22. a3 $1 Rac8 23.
Nb4 $14) 21. Qxb6 Nxb6 22. Ne3 (22. Rc6 $2 {is obviously wrong:} Rxc6 23. dxc6
Rc8 24. Rc1 Kf8) 22... g6 23. Rc2 (23. b3) 23... Rc5 $5 {A clever idea.} (23...
Na4 24. b3 Rxc2 (24... Nc3 $2 25. Kf1 {and the knight gets stuck there.}) 25.
Naxc2 Nc3 26. Nb4 a5 27. Nc6 $14) 24. Rac1 Rac8 25. b3 Kf8 26. Kf2 Ke7 27. Ke2
R8c7 (27... Nfd7) 28. Rxc5 $1 {Time to break the status quo.} dxc5 (28... Rxc5
29. Nac2 $1 $14) 29. Nac2 {The threat is 30.Nb4.} Kd6 (29... Ne8 30. a4 Nc8 $13
) 30. a4 $1 Nc8 (30... c4 $5 31. Na3 (31. bxc4 Nxc4 32. axb5 (32. Rb1 Nxe3 33.
Nxe3 Kc5) 32... axb5 33. Ra1 Nxe3 34. Nxe3 $14) 31... cxb3 32. Rxc7 Kxc7 33.
axb5 a5 34. Nec4 Nxc4 35. Nxc4 Nd7 36. Kd2 a4 37. Kc3 $13 {is a real mess but
in each case I preferred White.}) (30... bxa4 $2 31. bxa4 $16 {brings
insurmountable difficulties.}) 31. Na3 Rb7 32. axb5 $6 {There is no need to
force things.} (32. Ra1 Ke7) (32. Nac2 Nd7 33. Ne1 f5 34. Nd3 fxe4 35. fxe4 $14
{I should have shuffled pieces and enjoyed a very slight edge.}) 32... axb5 33.
b4 (33. Ra1 Ke7 34. Nb1 Ra7 35. Rxa7+ Nxa7 36. Nc3 Nd7 37. Kd3 Kd6 $11) 33...
cxb4 $1 (33... c4 $2 34. Nxb5+ $1 Rxb5 35. Nxc4+ Ke7 36. Nxe5 Nb6 37. Ra1 Nfd7
38. Ra5 Rxa5 39. Nc6+ Kd6 40. bxa5 Nc4 41. a6 $36 {gives White some chances.})
34. Nac2 $6 $138 {Conceivably I should have gone for a draw.} (34. Nxb5+ $1
Rxb5 35. Rxc8 b3 36. Nc4+ $1 (36. Rc6+ Ke7 37. Rc1 Nd7 $40) 36... Kd7 $1 (36...
Ke7 $6 37. Nb2 $14) 37. Rf8 b2 (37... Ke7 $2 38. Rxf7+ $1) 38. Rxf7+ Ke8 (38...
Kd8 39. Nd2 Nd7 40. Rxh7 b1=Q 41. Nxb1 Rxb1 $13) 39. Nd6+ Kd8 40. Nb7+ Kc8 41.
Nd6+ Kd8 $11 (41... Kb8 $2 42. Rf8+ $18)) 34... b3 35. Nb4 $6 (35. Na3 $142 Kd7
36. Rb1 Nd6 37. Rxb3 Nfe8 $14) 35... Nd7 36. Rc6+ Ke7 37. Rc3 Nc5 $1 {In this
part of the game Zajic's play was impeccable.} 38. Nd3 (38. Nd1 Kd6 39. Nd3
Nxd3 40. Kxd3 Nb6 41. Rxb3 Na4 $40) 38... Nxd3 39. Kxd3 b2 40. Rb3 $6 {The
notorious 40th move.} (40. Kc2 Nb6 41. Nd1 $1 b1=Q+ 42. Kxb1 Nc4 43. Nb2 f5 44.
Nxc4 bxc4+ 45. Kc2 fxe4 46. fxe4 Rb4 47. Ra3 c3 $11) 40... Ra7 $36 41. Rxb2
Ra3+ 42. Ke2 Nd6 43. Nc2 Ra4 44. Nb4 $1 {By spending a good amount of time, I
pulled myself together and calculated the ending to the bone.} (44. Kd3 f5 45.
Rb4 {is a suggestion.}) 44... f5 45. Nd3 $1 (45. Nc6+ Kf6) 45... fxe4 46. Nxe5
Nf5 47. Nc6+ $1 {First White should cover the d4-square.} (47. g4 $6 exf3+ 48.
Kf2 Nd6 $17) 47... Kd6 48. fxe4 Rxe4+ 49. Kf3 $1 {Much simpler} ({than} 49. Kd3
Re3+ (49... Kxd5 50. Nb4+ $11) 50. Kd2 Ra3 (50... Kxd5 51. Rxb5+ Kxc6 52. Rxf5
$11) 51. Rxb5 Ra2+ 52. Kc3 Rxh2 53. Na5 $1 $132) 49... Rc4 (49... Re3+ 50. Kf4)
50. Rxb5 $1 Rxc6 51. dxc6 Nd4+ 52. Kf4 Nxb5 53. Kg5 $11 Nd4 54. Kh6 Nf3 55. h4
(55. Kxh7 g5 56. h3 (56. h4 Nxh4 57. Kh6 Nf3 58. Kh5 $11) (56. Kg6 $4 g4 57.
Kf5 Nxh2 $19 {is the only way to lose this ending.}) 56... Kxc6 57. Kg6 Kd6 58.
Kf5 $11) 55... Kxc6 56. Kxh7 Ne5 57. Kg7 Kd6 1/2-1/2